书目信息 |
| 题名: |
全国市长书画院成都巡展作品集
|
|
| 作者: | 吴培根 , 王长升 , 冯如秀 著 | |
| 分册: | ||
| 出版信息: | 香港 天马图书公司 2002.08 |
|
| 页数: | 160页 | |
| 开本: | 28cm | |
| 丛书名: | ||
| 单 册: | ||
| 中图分类: | C539 , J121 | |
| 科图分类: | ||
| 主题词: | 社会科学--文集 , 艺术--中国 , 中国艺术节 | |
| 电子资源: | ||
| ISBN: | 962-450-427-X | |
| 000 | 00917nam0 2200289 450 | |
| 001 | 2453186771 | |
| 005 | 20241125150329.08 | |
| 010 | @a962-450-427-X@dCNY 128.00 | |
| 100 | @a20021005d2002 em y0chiy0110 ea | |
| 101 | 0 | @achi |
| 102 | @aCN@b810000 | |
| 105 | @aa z 000yy | |
| 200 | 1 | @a全国市长书画院成都巡展作品集@AQuan Guo Shi Zhang Shu Hua Yuan Cheng Du Xun Zhan Zuo Pin Ji@9po yan zhai wen ji @f王长升,冯如秀主编@FWang Chang Sheng,Feng Ru Xiu Zhu Bian |
| 210 | @a香港@c天马图书公司@d2002.08 | |
| 215 | @a160页@c照片@d28cm | |
| 300 | @a成都市人民政府 | |
| 503 | @n河南城建学院图书馆 | |
| 606 | 0 | @a社会科学@j文集 |
| 606 | 0 | @a艺术@x中国 |
| 606 | 0 | @a中国艺术节 |
| 690 | @aC539@v4 | |
| 690 | @aJ121@v4 | |
| 701 | 0 | @a吴培根@9wu pei gen@4著 |
| 701 | 0 | @a王长升@AWang Chang Sheng@4主编 |
| 701 | 0 | @a冯如秀@AFeng Ru Xiu@4主编 |
| 801 | 0 | @aCN@bMuseLib.NET@c20021005 |
| 905 | @aZUCC@dJ121@eW841 | |
| 全国市长书画院成都巡展作品集/王长升,冯如秀主编.-香港:天马图书公司,2002.08 |
| 160页:照片;28cm |
| 成都市人民政府 |
| ISBN 962-450-427-X:CNY 128.00 |
| ● |
| 相关链接 |
|
|
|
正题名:全国市长书画院成都巡展作品集
索取号:J121/W841
 
预约/预借
| 序号 | 登录号 | 条形码 | 馆藏地/架位号 | 状态 | 备注 |
| 1 | 1554200 | 215542009 | 社科库309/ [索取号:J121/W841] | 在馆 |